000 00773nam a2200253 4500
001 13624
003 ES-MaACL
005 20250812082830.0
007 t|
008 000000s1982 sp ||||0| spa d
016 7 _zIBH8405715265
020 _a84-7474-183-1
040 _aIBH
_bspa
_cM-BN-DP
080 _a745/749
245 0 0 _aPresente y futuro de las artesanías en la sociedad industrial.
260 _aMadrid :
_bMinisterio de Industria y Energía,
_c1982.
300 _a203 p ;
_c20 cm.
490 1 _aTemas de Artesanía
650 1 7 _aArtesanía
_2embne
_910344
710 1 _aEspaña.
_bMinisterio de Industria y Energía
_93884
830 0 _aTemas de Artesanía
_9228440
852 _aES-MaACL
_jL-20951
_bR.125186
999 _c13624
_d13624